内向心理学 (Record no. 68161)

000 -LEADER
fixed length control field 00572nam a22001937a 4500
003 - CONTROL NUMBER IDENTIFIER
control field MPLRDC
005 - DATE AND TIME OF LATEST TRANSACTION
control field 20220104203513.0
008 - FIXED-LENGTH DATA ELEMENTS--GENERAL INFORMATION
fixed length control field 210129b ||||| |||| 00| 0 eng d
020 ## - INTERNATIONAL STANDARD BOOK NUMBER
International Standard Book Number 978-986-5956-11-0
082 ## - DEWEY DECIMAL CLASSIFICATION NUMBER
Classification number 173.73 LAN
100 ## - MAIN ENTRY--PERSONAL NAME
Personal name 玛蒂·兰妮 MARTI OLSEN LANEY
245 ## - TITLE STATEMENT
Title 内向心理学
Statement of responsibility, etc. 杨秀君 译
250 ## - EDITION STATEMENT
Edition statement 二版七刷第一次
260 ## - PUBLICATION, DISTRIBUTION, ETC.
Place of publication, distribution, etc. 台湾
Name of publisher, distributor, etc. 漫游者文化事业股份有限公司
Date of publication, distribution, etc. 2012
300 ## - PHYSICAL DESCRIPTION
Other physical details
520 ## - SUMMARY, ETC.
Summary, etc. 2018-05-25 各类型笔纪录--pg.部分页面。
650 ## - SUBJECT ADDED ENTRY--TOPICAL TERM
Topical term or geographic name entry element 类型心理学
942 ## - ADDED ENTRY ELEMENTS (KOHA)
Koha item type Book
-- 173.73 LAN
Holdings
Withdrawn status Lost status Source of classification or shelving scheme Damaged status Not for loan Collection code Home library Current library Shelving location Date acquired Cost, normal purchase price Total Checkouts Full call number Barcode Date last seen Date last checked out Price effective from Koha item type Public note
            Malaysian Public Library, Research and Development Centre Malaysian Public Library, Research and Development Centre   27/07/2018 50.00   173.73 LAN 00061685 18/03/2021 27/07/2018 18/03/2021 Book mplrdc

© 2022. Malaysian Public Library, Research and Development Centre. All Right ReservedE-mailmplrdc@help.edu.my 

Powered by Koha